000 004500000a22001690004500
003 MACL
005 20160101155814.0
008 160101b xxu||||| |||| 00| 0 eng d
040 _aMACL
_cMACL
041 _aEnglish
082 _a513.2/MAK
100 _aMakkar, G C
_926618
245 _aThree Number
_bAuthor Table
260 _bToday & Tomorrow's Printers & publishers
_c1974
_aNew Delhi
650 _aArithmetic
_9181
942 _cBK
_k513.2/MAK
_2ddc
999 _c33868
_d33868